|
|
|
|
| LEADER |
00000nab a2200000 a 4500 |
| 001 |
vtls000047990 |
| 003 |
SK-MaSNL |
| 005 |
20260304064727.0 |
| 008 |
250422c1979 xo 0 slo |
| 015 |
|
|
|a SNBRB19rr/mm-uuuuu
|
| 035 |
|
|
|a CL0058086
|
| 035 |
|
|
|a urn:nbn:sk:snk-ab7erk
|
| 035 |
|
|
|a (urnnbn)urn:nbn:sk:snk:ar-005c7q
|
| 035 |
|
|
|a (uuid)733d7f6d-41d8-43cb-bce2-8cb1cd380a38
|
| 040 |
|
|
|a SNKBUCL
|b slo
|c SNKBUCL
|e AACR2
|
| 041 |
0 |
|
|a cze
|
| 044 |
|
|
|a xo
|c SK
|
| 080 |
|
|
|a 615.8
|2 1981
|
| 080 |
|
|
|a 614.2
|2 1981
|
| 100 |
1 |
|
|a Navrátilová, L.
|4 aut
|9 1337980
|
| 245 |
1 |
0 |
|a Další vzdělávaní rehabilitačních pracovníků v léčbě prací
|c L. Navrátilová
|
| 300 |
|
|
|b Res. rus., angl., nem., franc.
|
| 650 |
0 |
7 |
|a ergoterapia
|2 snkbucl
|9 24943
|
| 650 |
0 |
7 |
|a rehabilitační pracovníci
|2 snkbucl
|9 118102
|
| 655 |
|
7 |
|a články z novín a časopisov
|2 snkbucl
|9 267496
|
| 773 |
0 |
|
|t Rehabilitácia
|g Roč. 12, č. 4 (1979), s. 229-232
|
| 850 |
|
|
|a Slovenská národná knižnica
|
| 852 |
|
|
|a Slovenská národná knižnica
|
| 954 |
|
|
|a odborná, vedecká literatúra cudzojazyčná (svetová)
|2 lita
|
| 958 |
|
|
|a article7
|
| 958 |
|
|
|a RK
|
| 958 |
|
|
|a MI
|
| 958 |
|
|
|a CZ
|
| 958 |
|
|
|a OND
|
| 958 |
|
|
|a EUIPO
|
| 992 |
|
|
|a RBX
|
| 999 |
|
|
|c 2747721
|d 2749651
|